Osiedla Bydgoszczy - Quiz na mapie - Statystyki

Ogólne statystyki
  • Ten quiz został rozwiązany 158 razy
  • Średni wynik to 21 z 44
Odpowiedzi na mapie
Odpowiedzi zakodowano w zielono-czerwonej skali na mapie do tego quizu, zgodnie z poniższymi procentami.
 
Statystyki odpowiedzi
Odpowiedź % Poprawnych
Fordon F1
66%
Fordon F2
66%
Babia Wieś
60%
Bartodzieje Małe
59%
Brdyujście
57%
Bocianowo
56%
Lotnisko
56%
Bydgoszcz Wschód
55%
Glinki
55%
Błonie
52%
Las Gdański
52%
Piaski
52%
Flisy
51%
Myślęcinek
51%
Bielawy
50%
Czyżkówko
50%
Opławiec
50%
Górny Taras
49%
Kapuściska
49%
Bielice
48%
Miedzyń
48%
Osiedle Leśne
48%
Osowa Góra
48%
Prądy
48%
Smukala
48%
Górzyskowo
47%
Lęgnowo I
47%
Skrzetusko
47%
Czersko Polskie
45%
Okole
45%
Rynkowo
45%
Śródmieście
45%
Biedaszkowo
44%
Lęgnowo II
44%
Siernieczek
43%
Jachcice
40%
Jary
39%
Wzgórze Wolności
38%
Wyżyny
34%
Zawisza
33%
Wypaleniska
30%
Zimne Wody
27%
Szwederowo
25%
Wilczak
25%
Nie znaleziono quizów pasujących do podanych kryteriów
Rozkład punktacji
Procent ludzi z każdym wynikiem
Percentyl według liczby udzielonych odpowiedzi
Twoja historia wyników
Nie rozwiązałeś tego quizu